El libro de Isaías o la fidelidad de Dios a la casa de David

Salvato in:
Dettagli Bibliografici
Autore principale: Janthial, Dominique (Autore)
Natura: Libro
Lingua:spagnolo
Pubblicazione: Pamplona Verbo Divino 2008
Edizione:1a. ed
Serie:Cuadernos Bíblicos, 142
Soggetti:
Tags: Aggiungi Tag
Nessun Tag, puoi essere il primo ad aggiungerne!!

MARC

LEADER 00000cam a2200000 a 4500
001 UCD4393
003 CL-VaPUC
008 160708e20080000sp |||||||||||||||||spa|d
020 |a 9788481698947 
082 0 4 |a 224.1  |b JAN  |2 21 
100 0 |a Janthial, Dominique  |e author  |9 588053 
245 1 3 |a El libro de Isaías o la fidelidad de Dios a la casa de David 
250 |a 1a. ed 
300 |a 56 p 
942 |c BK 
945 |d 20160708 23:22:00  |a dcastane 
260 |a Pamplona  |b Verbo Divino  |c 2008 
600 0 |a Isaías   |9 432157 
650 0 |a Biblia  |9 257603 
650 0 |a Antiguo testamento   |9 313678 
650 0 |a Textos sagrados   |9 257605 
583 |a last modification  |c 20160708 23:22:00  |k Rodrigo Vera 
490 0 |a Cuadernos Bíblicos, 142 
999 |c 365291  |d 365289 
952 |0 0  |1 0  |3 erb  |4 0  |6 224_100000000000000_JAN_2008  |7 0  |8 A  |9 479087  |a BIBTEO  |b BIBTEO  |i 5296048  |o 224.1 JAN 2008  |p 5296048  |r 2025-01-17  |w 2019-11-24  |y BK  |z Catalogado en:20160708  |k ICR